| 000 | 01006cam a2200337 i 4500 | ||
|---|---|---|---|
| 999 |
_c200446662 _d64874 |
||
| 001 | 200446662 | ||
| 003 | TR-AnTOB | ||
| 005 | 20230821171315.0 | ||
| 007 | ta | ||
| 008 | 180906s2017 tu $r04901 $$$$ 04tu 9tur u | ||
| 020 | _a9786054653157 | ||
| 040 |
_aTR-AnTOB _beng _erda _cTR-AnTOB |
||
| 041 | 0 | _atur | |
| 044 | _ctu | ||
| 050 | 1 | 4 |
_aPL248.B35482 _bY355 2017 |
| 090 | 0 | 0 |
_aPL248.B35482 _bY355 2017 |
| 100 | 1 |
_aBaydar, Mustafa Çetin _eauthor _9109684 |
|
| 245 | 1 | 0 |
_aYakın çevreme ilişkin hatıralarım / _cMustafa Çetin Baydar. |
| 250 | _a1. baskı Ocak 2017 | ||
| 264 | 1 |
_aAnkara : _bYazar Yayınları, _c2017. |
|
| 300 |
_a142 pages ; _c21 cm |
||
| 336 |
_atext _btxt _2rdacontent |
||
| 337 |
_aunmediated _bn _2rdamedia |
||
| 338 |
_avolume _bnc _2rdacarrier |
||
| 490 | 0 |
_aYazar yayınları ; _v25 |
|
| 500 | _aIncludes index. | ||
| 650 | 7 |
_aYazarlar, Türk _vBiyografi _2etuturkob _946356 |
|
| 650 | 7 |
_aYazarlar _vBiyografi _9120941 |
|
| 942 |
_2lcc _cBK |
||